LIBRARY & INFORMATION CENTRE, KCAET, TAVANUR

ONLINE PUBLIC ACCESS CATALOGUE (OPAC)

Normal view MARC view
  • Singh, Rajesh

Entry Personal Name

Number of records used in: 1

001 - CONTROL NUMBER

  • control field: 2016

003 - CONTROL NUMBER IDENTIFIER

  • control field: OSt

005 - DATE AND TIME OF LATEST TRANSACTION

  • control field: 20170328153827.0

008 - FIXED-LENGTH DATA ELEMENTS

  • fixed length control field: 170328|| aca||aabn | a|a d

040 ## - CATALOGING SOURCE

  • Original cataloging agency: OSt
  • Transcribing agency: OSt

100 ## - HEADING--PERSONAL NAME

  • Personal name: Singh, Rajesh

670 ## - SOURCE DATA FOUND

  • Source citation: Work cat.: (OSt): Singh, S S . 2015, Principles and practices of agronomy / , 2016
free website counter